书目信息 |
| 题名: |
结构力学辅导---概念·方法·题解
|
|
| 作者: | 赵更新 编著 | |
| 分册: | ||
| 出版信息: | 北京 中国水利水电出版社 2001.10 |
|
| 页数: | 289页 | |
| 开本: | 26cm | |
| 丛书名: | ||
| 单 册: | ||
| 中图分类: | O342-44 | |
| 科图分类: | ||
| 主题词: | 固体力学 | |
| 电子资源: | ||
| ISBN: | 7-5084-0804-7 | |
| 000 | 00599nam0 2200193 45 | |
| 001 | 0235683469 | |
| 005 | 2002041109544346 | |
| 010 | @a7-5084-0804-7@dRMB 32.00 | |
| 100 | @a20020411d2001 km y0chiy0120 ea | |
| 101 | 0 | @achi |
| 102 | @aCN@b110000 | |
| 200 | 1 | @a结构力学辅导---概念·方法·题解@Ajie gou li xue fu dao---gai nian·fang fa·ti jie@f赵更新编著@Fzhao geng xin bian zhu |
| 210 | @a北京@c中国水利水电出版社@d2001.10 | |
| 215 | @a289页@d26cm | |
| 606 | 0 | @a固体力学 |
| 690 | @aO342-44@v3 | |
| 701 | 0 | @a赵更新@Azhao geng xin@4编著 |
| 801 | 0 | @aCN@bPFT@c20020411 |
| 905 | @a10447@dO342-44@eZ300 | |
| 结构力学辅导---概念·方法·题解/赵更新编著.-北京:中国水利水电出版社,2001.10 |
| 289页;26cm |
| ISBN 7-5084-0804-7:RMB 32.00 |
| ● |
| 相关链接 |
|
|
|
正题名:结构力学辅导---概念·方法·题解
索取号:O342-44/Z300
 
预约/预借
| 序号 | 登录号 | 条形码 | 馆藏地/架位号 | 状态 | 备注 |
| 1 | 353148 | 203531482 | 自科库401/401自科库 52排7列1层/ [索取号:O342-44/Z300] | 在馆 | |
| 2 | 353149 | 203531491 | 自科二线504/504自科库 20排2列3层/ [索取号:O342-44/Z300] | 在馆 | |
| 3 | 353150 | 203531507 | 自科库401/ [索取号:O342-44/Z300] | 在馆 |